LDR 00926naa#a2200205#i#450# 001 EN\\bibl\120334 005 20260515000434.5 011 ## _a2219-0767 100 ## _a20260424b2026####ek#y0engy0150####ca 102 ## _aRU 200 1# _aAlgorithmic model of selection of scientific events based on the profile of scientific activity of university staff _eJournal article 210 1# _aVoronezh _cFSBE Institution of Higher Education Voronezh State University of Forestry and Technologies named after G.F. Morozov _d2026 215 ## _a7 с. 608 ## _aJournal article _2local 675 ## _aПрикладные системы искусственного интеллекта. Интеллектуальные системы, обладающие знаниями. 004.89 _z 700 #1 _aOleynikova _gSvetlana Aleksandrovna 700 #1 _aScherbakov _gA. A. 700 #1 _aSinyutin _gA. E. 700 #1 _aAkopyan _gEduard Aramaisovich 856 4# _azh-szf.ru _u